书目信息 |
| 题名: |
汉英生物学词汇
|
|
| 作者: | 科学出版社 编著 | |
| 分册: | ||
| 出版信息: | 北京 科学出版社 1998.11 |
|
| 页数: | 1506页 | |
| 开本: | 32kl | |
| 丛书名: | ||
| 单 册: | ||
| 中图分类: | Q-61 | |
| 科图分类: | ||
| 主题词: | 生物学 | |
| 电子资源: | ||
| ISBN: | 7-03-006959-5 | |
| 000 | 00519nam0 2200181 45 | |
| 001 | 0009041556 | |
| 005 | 20061123101323.93 | |
| 010 | @a7-03-006959-5@d95.00元 | |
| 100 | @a20000904d1998 km y0chiy0120 ea | |
| 101 | 0 | @achi |
| 200 | 1 | @a汉英生物学词汇@AHan Ying Sheng Wu Xue Ci Hui@f科学出版社编著@FKe Xue Chu Ban She Bian Zhu |
| 210 | @a北京@c科学出版社@d1998.11 | |
| 215 | @a1506页@d32kl | |
| 606 | 0 | @a生物学 |
| 690 | @aQ-61@v3 | |
| 701 | 0 | @a科学出版社@4编著 |
| 801 | @aCN@c20061123 | |
| 905 | @b119024-025@dQ-61@eK549@f2 | |
| 汉英生物学词汇/科学出版社编著.-北京:科学出版社,1998.11 |
| 1506页;32kl |
| ISBN 7-03-006959-5:95.00元 |
| ● |
| 相关链接 |
|
|
|
正题名:汉英生物学词汇
索取号:Q-61/K549
 
预约/预借
| 序号 | 登录号 | 条形码 | 馆藏地/架位号 | 状态 | 备注 |
| 1 | 119024 | 201190246 | 自科库401/401自科库 24排2列3层/ [索取号:Q-61/K549] | 在馆 | |
| 2 | 119025 | 201190255 | 自科库401/401自科库 24排2列3层/ [索取号:Q-61/K549] | 在馆 | |
| 3 | 615257 | 206152571 | 自科库401/401自科库 24排2列3层/ [索取号:Q-61/K549] | 在馆 |